La teoría sociológica (Record no. 15483)
[ view plain ]
| 000 -LEADER | |
|---|---|
| campo de control de longitud fija | 01394nmc a2200505 a 4500 |
| 003 - IDENTIFICADOR DE NÚMERO DE CONTROL | |
| campo de control | AR-BaBNM |
| 005 - FECHA Y HORA DE LA ÚLTIMA TRANSACCIÓN | |
| campo de control | 20251128210433.0 |
| 008 - DATOS DE LONGITUD FIJA--INFORMACIÓN GENERAL | |
| campo de control de longitud fija | 100020s1994 ||||||||||||||000 | spa|| |
| 020 ## - NÚMERO INTERNACIONAL ESTÁNDAR DEL LIBRO | |
| Número Internacional Estándar del Libro | 84-309-1815-9 |
| 040 ## - FUENTE DE CATALOGACIÓN | |
| Centro/agencia transcriptor | AR-BaBNM |
| 100 1# - ENTRADA PRINCIPAL--NOMBRE DE PERSONA | |
| Nombre de persona | Pino Artacho, Juan del |
| 245 10 - MENCIÓN DEL TÍTULO | |
| Título | La teoría sociológica |
| Resto del título | un marco de referencia analítico de la modernidad |
| 260 ## - PUBLICACIÓN, DISTRIBUCIÓN, ETC. | |
| Lugar de publicación, distribución, etc. | Madrid |
| Nombre del editor, distribuidor, etc. | Tecnos |
| Fecha de publicación, distribución, etc. | 1994 |
| 300 0# - DESCRIPCIÓN FÍSICA | |
| Extensión | 234 p. |
| 490 #0 - MENCIÓN DE SERIE | |
| Mención de serie | Semilla y surco. Sociología |
| 500 0# - NOTA GENERAL | |
| Nota general | Contiene referencias bibliográficas |
| 600 14 - PUNTO DE ACCESO ADICIONAL DE MATERIA--NOMBRE DE PERSONA | |
| Nombre de persona | Saint-simon, Claude Henri De |
| 600 14 - PUNTO DE ACCESO ADICIONAL DE MATERIA--NOMBRE DE PERSONA | |
| Nombre de persona | Comte, Auguste |
| 600 14 - PUNTO DE ACCESO ADICIONAL DE MATERIA--NOMBRE DE PERSONA | |
| Nombre de persona | Spencer, |
| 600 14 - PUNTO DE ACCESO ADICIONAL DE MATERIA--NOMBRE DE PERSONA | |
| Nombre de persona | Marx, Karl |
| 600 14 - PUNTO DE ACCESO ADICIONAL DE MATERIA--NOMBRE DE PERSONA | |
| Nombre de persona | Durkheim, Emile |
| 600 14 - PUNTO DE ACCESO ADICIONAL DE MATERIA--NOMBRE DE PERSONA | |
| Nombre de persona | Pareto, Wilfredo |
| 600 14 - PUNTO DE ACCESO ADICIONAL DE MATERIA--NOMBRE DE PERSONA | |
| Nombre de persona | Levi-strauss, Claude |
| 600 14 - PUNTO DE ACCESO ADICIONAL DE MATERIA--NOMBRE DE PERSONA | |
| Nombre de persona | Parsons, Talcott |
| 600 14 - PUNTO DE ACCESO ADICIONAL DE MATERIA--NOMBRE DE PERSONA | |
| Nombre de persona | Mills, C.w. |
| 600 14 - PUNTO DE ACCESO ADICIONAL DE MATERIA--NOMBRE DE PERSONA | |
| Nombre de persona | Marcuse, Herbert |
| 600 14 - PUNTO DE ACCESO ADICIONAL DE MATERIA--NOMBRE DE PERSONA | |
| Nombre de persona | Fromm, Erich |
| 600 14 - PUNTO DE ACCESO ADICIONAL DE MATERIA--NOMBRE DE PERSONA | |
| Nombre de persona | Dahrendorf, R. |
| 600 14 - PUNTO DE ACCESO ADICIONAL DE MATERIA--NOMBRE DE PERSONA | |
| Nombre de persona | Weber, Max |
| Fechas asociadas al nombre | 1864-1920 |
| 650 #4 - PUNTO DE ACCESO ADICIONAL DE MATERIA--TÉRMINO DE MATERIA | |
| Término de materia o nombre geográfico como elemento de entrada | SOCIOLOGIA |
| 650 #4 - PUNTO DE ACCESO ADICIONAL DE MATERIA--TÉRMINO DE MATERIA | |
| Término de materia o nombre geográfico como elemento de entrada | POSITIVISMO |
| 650 #4 - PUNTO DE ACCESO ADICIONAL DE MATERIA--TÉRMINO DE MATERIA | |
| Término de materia o nombre geográfico como elemento de entrada | ESTRUCTURALISMO |
| 650 #4 - PUNTO DE ACCESO ADICIONAL DE MATERIA--TÉRMINO DE MATERIA | |
| Término de materia o nombre geográfico como elemento de entrada | FUNCIONALISMO |
| 650 #4 - PUNTO DE ACCESO ADICIONAL DE MATERIA--TÉRMINO DE MATERIA | |
| Término de materia o nombre geográfico como elemento de entrada | MARXISMO |
| 650 #4 - PUNTO DE ACCESO ADICIONAL DE MATERIA--TÉRMINO DE MATERIA | |
| Término de materia o nombre geográfico como elemento de entrada | CONFLICTO SOCIAL |
| 650 #4 - PUNTO DE ACCESO ADICIONAL DE MATERIA--TÉRMINO DE MATERIA | |
| Término de materia o nombre geográfico como elemento de entrada | FENOMENOLOGIA |
| 650 #4 - PUNTO DE ACCESO ADICIONAL DE MATERIA--TÉRMINO DE MATERIA | |
| Término de materia o nombre geográfico como elemento de entrada | ESCUELA DE CHICAGO |
| 650 #4 - PUNTO DE ACCESO ADICIONAL DE MATERIA--TÉRMINO DE MATERIA | |
| Término de materia o nombre geográfico como elemento de entrada | ESCUELA DE FRANKFURT |
| 653 #0 - TÉRMINO DE INDIZACIÓN--NO CONTROLADO | |
| Término no controlado | MODERNIDAD |
| 653 #0 - TÉRMINO DE INDIZACIÓN--NO CONTROLADO | |
| Término no controlado | TEORIA DE LOS SISTEMAS |
| 653 #0 - TÉRMINO DE INDIZACIÓN--NO CONTROLADO | |
| Término no controlado | TEORIAS CRITICAS |
| 800 1# - PUNTO DE ACCESO ADICIONAL DE SERIE--NOMBRE DE PERSONA | |
| Nombre de persona | Murillo Ferrol, Francisco |
| Término indicativo de función/relación | director |
| 942 ## - ELEMENTOS DE ENTRADA SECUNDARIOS (KOHA) | |
| Tipo de ítem Koha | Libros |
| 998 ## - INFORMACIÓN DE CONTROL LOCAL (RLIN) | |
| Iniciales del catalogador, CIN (RLIN) | Raquel |
| Estatus retirado | Estado de pérdida | Fuente de la clasificación o esquema de estantería | Estado de daño | No para préstamo | Biblioteca de origen | Biblioteca actual | Fecha de adquisición | Total de préstamos | Signatura topográfica completa | Código de barras | Visto por última vez | Precio de reemplazo | Tipo de ítem Koha | Restricciones de uso |
|---|---|---|---|---|---|---|---|---|---|---|---|---|---|---|
| Clasificación Decimal Dewey | Liberty | Liberty | 28/11/2025 | 316 PIN | 121999 | 28/11/2025 | 28/11/2025 | Libros | ||||||
| Clasificación Decimal Dewey | Liberty | Liberty | 28/11/2025 | 316 PIN | 122000 | 28/11/2025 | 28/11/2025 | Libros | ||||||
| Clasificación Decimal Dewey | No para préstamo | Liberty | Liberty | 28/11/2025 | 316 PIN | 122001 | 28/11/2025 | 28/11/2025 | Libros | Acceso restringido |